000 00634nam a2200241Ia 4500
001 20675
005 20240114000526.0
007 ta
008 060225s1972 a g b000 u 465 u
040 _aCotton College,Assam
041 _a465
082 _a821.1709
_bL 142 G
100 _aLegouis, Emile .
245 0 _aGeoffrey Chaucer /
_cEmile Legouis.
_hTextual Documents
250 _a1st ed. /
260 _aLudhiana :
_bKalyani Publisher ,
_c1972.
300 _a220p. :
_bill ;
_c17cm .
653 _aEnglish poetry-Criticism
653 _aG-English
942 _2ddc
_cBK
999 _c20657
_d20657